00387nam a22001217a 4500008004100000020001800041040001500059050001600074245006700090260003600157300001400193440005800207250131b |||||||| |||| 00| 0 eng d a9783030849795 aKABUcKABU aRS403b.E87 aEssentials of industrial pharmacy cEdited by Saeed Ahmad Khan aKohat, PakistanbSpringerc2022 axv, 298p. aAAPS Advances in the pharmaceutical sciencesvVol. 46